000
00307nam a22001217a 4500
020
_a
9788170352372
082
_a
664
_b
BAL/PO
100
_a
Balachandran, K.K
245
_a
Post-harvest technology of fish and fish products
260
_a
New Delhi
_b
Daya Publishing House
_c
2012
300
_a
440
942
_c
BK
999
_c
13690
_d
13690